000 00699nam a2200253Ia 4500
003 OSt
005 20220918193710.0
006 a|||||r|||| 00| 0
007 ta
008 220917b |||||||| |||| 00| 0 eng d
024 _a74,905
037 _cTextual
040 _aARTS
_cARTS
_beng
041 _2eng
_aeng
082 _aR66x10jM88, M6 (P15)
100 _aTuck Ronald D
_982381
245 0 _aConcept of maya in Sankara and Radhakrishnana
260 _aDelhi
_bChanakya Pub
_c1986
300 _a156p.
_ccm.
500 _aBib 147-53p
650 _aADVAITA PHILOSOPHY
_9790
942 _hR66x10jM88, M6 (P15)
_cTEXL
_2CC
999 _c200036
_d200036